00483nam a2200205Ia 4500008004100000020001800041050001600059100001800075245002400093245002100117260001500138260001600153260000900169300001600178300002200194300001000216300003700226440000600263500000800269170918s9999 xx 000 0 und d a9780545057042 bR585ti 2007 aRiordan, Rick 4aThe titan's curse / cby Rick Riordan. aNew York : bScholastic, c2007 a312 pages : bblack and white ; c19cm. ePercy Jackson and the olympians. a3 a630